Szentágothai János, az agykutató
Elmentve itt :
| Szerző: | |
|---|---|
| Adatforrás: | Meister |
| Forrásdokumentuma: | A Hét. - 43 sz., 1994, 13 p. |
| Nyelv: | magyar |
| Kulcsszavak: | tudománytörténet agykutatás SZENTÁGOTHAI János |
| LEADER | 00405nab a2200145 i 4500 | ||
|---|---|---|---|
| 001 | bibPRO00005759 | ||
| 008 | 060524s1994 xx hun | ||
| 040 | |a Sz1 | ||
| 041 | |a hun | ||
| 100 | 1 | |a KOMJÁTSZEGI Sándor | |
| 245 | 1 | 0 | |a Szentágothai János, az agykutató |c KOMJÁTSZEGI Sándor |
| 695 | |a tudománytörténet | ||
| 695 | |a agykutatás | ||
| 695 | |a SZENTÁGOTHAI János | ||
| 773 | 0 | |t A Hét. - |g 43 sz., 1994, 13 p. | |